Statistics for Random Knowledge Quiz #20

Click here to take the quiz!

General Stats

  • This quiz has been taken 83 times
  • The average score is 8 of 15

Answer Stats

QuestionAnswer% Correct
What country owns all but two giant pandas in the world?China
96%
How old is Juliet in Romeo and Juliet?13 years
93%
How many sides does the Great Pyramid of Giza have?8
82%
Which board game has anywhere between 300 to 7000 varieties and editions such as Game of Thrones, Lord of the Rings, Naruto, Coca-Cola, Chicago, Disney, and Hard Rock Cafe?Monopoly
82%
The famous set of three monkeys are See-no-evil, Hear-no-evil and... what?Speak-no-evil
81%
Stuart Sutcliffe was the original bass guitarist and the "fifth member" of which band?The Beatles
75%
Which ice cream company has a graveyard for its discontinued flavours?Ben & Jerry’s
69%
Which animal's hair is traditionally used on a violin bow?Horse's
69%
Finish these lyrics: "You'll never know dear how much I love you / Please don't take my..."Sunshine away
46%
What is General Sherman, the largest living organism (by volume) on the planet?A giant sequoia
34%
Who is the youngest Nobel Prize Winner?Malala Yousafzai
28%
Yoda, Mrs. Piggy, and Cookie Monster were all voiced by the same person. Who?Frank Oz
18%
What is Minnie Mouse's actual first name?Minerva
15%
What are baby spiders called?Spiderlings
15%
And in which country are the giant pandas that are not owned by that country?Mexico
9%

Score Distribution

Percentile by Number Answered

Percent of People with Each Score

Your Score History

You have not taken this quiz